Mluvíme německy příručka ke kursu hovorové němčiny s cvičeními zpracovanýmí podle principů programového učení na dlouhohrajících deskách Supraphon objednacích čísel 028 0231 35

Guardado en:
Detalles Bibliográficos
Formato: Libro
Lenguaje:checo
Publicado: Praha Supraphon 1967
Etiquetas: Agregar Etiqueta
Sin Etiquetas, Sea el primero en etiquetar este registro!

MARC

LEADER 00000nam a2200000 4500
001 c122136
005 20250717084056.8
041 0 |a cze 
044 |a CZ 
245 1 0 |a Mluvíme německy  |b příručka ke kursu hovorové němčiny s cvičeními zpracovanýmí podle principů programového učení na dlouhohrajících deskách Supraphon objednacích čísel 028 0231 35  |c Karel Jungwirth, Štěpán Zapletal, Jaroslav Haupt 
264 1 |a Praha  |b Supraphon  |c 1967 
300 |a 224 s.  |e 5 gramoplatní